Crónicas de frontera : (Registro nro. 3671)

Detalles MARC
000 -LEADER
fixed length control field 01176nam a2200241Ia 4500
003 - CONTROL NUMBER IDENTIFIER
control field OSt
005 - DATE AND TIME OF LATEST TRANSACTION
control field 20200724145911.0
008 - FIXED-LENGTH DATA ELEMENTS--GENERAL INFORMATION
fixed length control field 191128s2014 ck ao fr 000 0cspa d
020 ## - INTERNATIONAL STANDARD BOOK NUMBER
International Standard Book Number 9789588244792
040 ## - CATALOGING SOURCE
Original cataloging agency CO-JMCR
Transcribing agency CO-JMCR
041 0# - LANGUAGE CODE
Language code of text/sound track or separate title spa
082 04 - DEWEY DECIMAL CLASSIFICATION NUMBER
Classification number 338.9861 /
Item number C718c
Edition number 23
110 1# - MAIN ENTRY--CORPORATE NAME
Corporate name or jurisdiction name as entry element Colombia.
Subordinate unit Ministerio de Relaciones Exteriores
9 (RLIN) 3886
245 10 - TITLE STATEMENT
Title Crónicas de frontera :
Remainder of title plan fronteras para la prosperidad /
Statement of responsibility, etc. Ministerio de Relaciones Exteriores
260 ## - PUBLICATION, DISTRIBUTION, ETC.
Place of publication, distribution, etc. Bogotá :
Name of publisher, distributor, etc. Ministerio de Relaciones Exteriores,
Date of publication, distribution, etc. 2014
300 ## - PHYSICAL DESCRIPTION
Extent 249 Páginas :
Other physical details ilustraciones y fotografias a color ;
Dimensions 23 X 24 cm.
500 ## - GENERAL NOTE
General note Incluye datos biográficos del equipo de colaboración del plan Fronteras para la Prosperidad.
505 0# - FORMATTED CONTENTS NOTE
Formatted contents note La vida en medio del desierto / sector de desarrollo económico - Alta Guajira -- Tiempo de cosecha / Sector de desarrollo económico - Tumaco, Nariño -- Salud en el último rincón / Sector de salud - San Felipe, Guainía.
650 14 - SUBJECT ADDED ENTRY--TOPICAL TERM
Topical term or geographic name entry element Desarrollo económico
General subdivision proyectos
Geographic subdivision Colombia
9 (RLIN) 7794
651 #4 - SUBJECT ADDED ENTRY--GEOGRAPHIC NAME
Geographic name Colombia
General subdivision política económica
9 (RLIN) 6872
651 #4 - SUBJECT ADDED ENTRY--GEOGRAPHIC NAME
Geographic name Colombia
General subdivision condiciones económicas--proyectos
9 (RLIN) 7795
942 ## - ADDED ENTRY ELEMENTS (KOHA)
Source of classification or shelving scheme Dewey Decimal Classification
Koha item type Books
Existencias
Withdrawn status Lost status Source of classification or shelving scheme Damaged status Not for loan Collection code Home library Current library Date acquired Source of acquisition Full call number Barcode Date last seen Copy number Koha item type
    Dewey Decimal Classification     Non-fiction Biblioteca Pública José María del Castillo y Rada Biblioteca Pública José María del Castillo y Rada 04/15/2018 Donación 338.9861 / C718c 201807567 05/16/2024 Ej.1 Books